[Event "Winnipeg Tuesday Night op 9th"]
[Site "Winnipeg CAN"]
[Date "2000.10.17"]
[Round "5"]
[White "Milord, Frank"]
[Black "Kostiuk, Sheldon"]
[Result "0-1"]
[WhiteElo "1786"]
[BlackElo "1656"]
[PlyCount "91"]
[GameId "2160767911652509"]
[EventDate "2000.09.12"]
[EventType "swiss"]
[EventRounds "6"]
[EventCountry "CAN"]
[SourceTitle "EXT 2005"]
[Source "ChessBase"]
[SourceDate "2004.11.15"]
[SourceVersion "1"]
[SourceVersionDate "2004.11.15"]
[SourceQuality "1"]

1. d4 d5 2. c4 dxc4 3. Nf3 Nf6 4. e3 e6 5. Bxc4 c5 6. O-O Nc6 7. Qe2 cxd4 8. Rd1 Be7 9. exd4 O-O 10. Nc3 a6 11. Bg5 b5 12. Bb3 Bb7 13. a3 Nd5 14. Ne4 Bxg5 15. Nexg5 Nce7 16. Rac1 Qb6 17. Ne4 Rfc8 18. Nc5 Rc7 19. Nxb7 Qxb7 20. Rc5 Qb6 21. Rdc1 Rac8 22. Bxd5 Nxd5 23. b4 h6 24. Ne5 Nf6 25. h3 Qd6 26. Nf3 Nd7 27. Rxc7 Rxc7 28. Rxc7 Qxc7 29. Qd2 Nf6 30. Ne5 Nd5 31. Nd3 Qc3 32. Qxc3 Nxc3 33. Kf1 Nb1 34. Nc5 Nxa3 35. Nxa6 Nc2 36. Ke2 Nxd4+ 37. Kd3 Nc6 38. Kc3 Kf8 39. Nc7 Na7 40. Kd4 Ke7 41. Kc5 Kd7 42. Nxb5 Nxb5 43. Kxb5 Kc7 44. Kc5 f6 45. b5 e5 46. g4 0-1

[Event "Winnipeg Tuesday Night op 9th"]
[Site "Winnipeg CAN"]
[Date "2000.10.24"]
[Round "6"]
[White "Barkman, Daniel"]
[Black "Klokow, John"]
[Result "0-1"]
[WhiteElo "1941"]
[BlackElo "1715"]
[PlyCount "66"]
[GameId "2160767911652510"]
[EventDate "2000.09.12"]
[EventType "swiss"]
[EventRounds "6"]
[EventCountry "CAN"]
[SourceTitle "EXT 2005"]
[Source "ChessBase"]
[SourceDate "2004.11.15"]
[SourceVersion "1"]
[SourceVersionDate "2004.11.15"]
[SourceQuality "1"]

1. e4 c5 2. Nf3 e6 3. d4 cxd4 4. Nxd4 Nf6 5. Nc3 Nc6 6. Be3 Bb4 7. Ndb5 Nxe4 8. Qg4 Nxc3 9. bxc3 Be7 10. Qxg7 Bf6 11. Nd6+ Ke7 12. Qxf7+ Kxd6 13. Rd1+ Kc7 14. Bf4+ e5 15. Qd5 Qe7 16. Be3 b6 17. Bb5 Bb7 18. Qc4 Rad8 19. O-O Qe6 20. Rd5 Rhg8 21. Rfd1 Qg4 22. Rxd7+ Rxd7 23. Rxd7+ Qxd7 24. Qxg8 Qd1+ 25. Bf1 Qxc2 26. Qf7+ Be7 27. Bg5 Qg6 28. Qxg6 hxg6 29. Be3 Kd6 30. Bd3 g5 31. f3 Nd8 32. Kf2 Ne6 33. Kg3 Bd5 0-1

[Event "Winnipeg Tuesday Night op 9th"]
[Site "Winnipeg CAN"]
[Date "2000.10.24"]
[Round "6"]
[White "Boron, Anthony"]
[Black "Hanrahan, Nigel"]
[Result "1-0"]
[WhiteElo "1941"]
[BlackElo "1715"]
[PlyCount "61"]
[GameId "2160767911652511"]
[EventDate "2000.09.12"]
[EventType "swiss"]
[EventRounds "6"]
[EventCountry "CAN"]
[SourceTitle "EXT 2005"]
[Source "ChessBase"]
[SourceDate "2004.11.15"]
[SourceVersion "1"]
[SourceVersionDate "2004.11.15"]
[SourceQuality "1"]

1. d4 Nf6 2. Nf3 d5 3. Nbd2 Bf5 4. e3 e6 5. Ne5 Bb4 6. c3 Bd6 7. Ndf3 Nbd7 8. Bd3 Bxd3 9. Nxd3 Ne4 10. O-O c6 11. Nfe5 Nxe5 12. dxe5 Be7 13. f3 Nc5 14. Kh1 Qc7 15. Nxc5 Bxc5 16. f4 O-O-O 17. b4 Be7 18. a4 a6 19. b5 cxb5 20. axb5 axb5 21. Ba3 Bxa3 22. Rxa3 Qc4 23. Rb3 Kd7 24. Qb1 Rb8 25. Rxb5 Qxc3 26. Rc1 Qxc1+ 27. Qxc1 Rhc8 28. Qb1 b6 29. h3 Rc6 30. Qxh7 Rc1+ 31. Kh2 1-0

[Event "Winnipeg Tuesday Night op 9th"]
[Site "Winnipeg CAN"]
[Date "2000.10.24"]
[Round "6"]
[White "Greenberg, Harley"]
[Black "Weijs, Harry"]
[Result "1-0"]
[WhiteElo "1689"]
[BlackElo "1514"]
[PlyCount "48"]
[GameId "2160767911652512"]
[EventDate "2000.09.12"]
[EventType "swiss"]
[EventRounds "6"]
[EventCountry "CAN"]
[SourceTitle "EXT 2005"]
[Source "ChessBase"]
[SourceDate "2004.11.15"]
[SourceVersion "1"]
[SourceVersionDate "2004.11.15"]
[SourceQuality "1"]

1. e4 d5 2. exd5 Qxd5 3. Nc3 Qa5 4. Nf3 Nf6 5. Bc4 Bf5 6. O-O e6 7. a3 c6 8. Nh4 Bg4 9. Be2 Qh5 10. Bxg4 Nxg4 11. h3 Qxh4 12. Qxg4 Qxg4 13. hxg4 Nd7 14. d4 a5 15. f4 g6 16. f5 Bg7 17. Be3 gxf5 18. gxf5 e5 19. f6 Bxf6 20. Ne4 exd4 21. Nxf6+ Nxf6 22. Bxd4 O-O 23. Bxf6 Rae8 24. Rf3 Re6 1-0

[Event "Winnipeg Tuesday Night op 9th"]
[Site "Winnipeg CAN"]
[Date "2000.10.24"]
[Round "6"]
[White "Milord, Frank"]
[Black "Henson, Joshua"]
[Result "1/2-1/2"]
[WhiteElo "1786"]
[BlackElo "2149"]
[PlyCount "77"]
[GameId "2160767911652513"]
[EventDate "2000.09.12"]
[EventType "swiss"]
[EventRounds "6"]
[EventCountry "CAN"]
[SourceTitle "EXT 2005"]
[Source "ChessBase"]
[SourceDate "2004.11.15"]
[SourceVersion "1"]
[SourceVersionDate "2004.11.15"]
[SourceQuality "1"]

1. e4 g6 2. d4 Bg7 3. Nc3 c5 4. d5 d6 5. Bb5+ Nd7 6. a4 a6 7. Bd3 Ne5 8. f4 Nxd3+ 9. Qxd3 Nf6 10. Nf3 O-O 11. O-O Rb8 12. a5 b5 13. axb6 Qxb6 14. Kh1 a5 15. Na4 Qc7 16. c4 Ba6 17. Bd2 Nd7 18. Bc3 Bxc3 19. Qxc3 Rb4 20. Nd2 Nb6 21. Nxb6 Qxb6 22. b3 Ra8 23. h3 Bc8 24. Ra3 Bd7 25. Re1 a4 26. Kh2 Rb8 27. Rea1 axb3 28. Ra8 b2 29. Rxb8+ Qxb8 30. Rb1 e6 31. g4 exd5 32. exd5 Ba4 33. Ne4 Rb3 34. Nf6+ Kh8 35. Qe1 Kg7 36. Qh4 h6 37. Ne4 Rb6 38. Qf6+ Kg8 39. Qc3 1/2-1/2

[Event "Winnipeg op"]
[Site "Winnipeg CAN"]
[Date "2000.06.16"]
[Round "1"]
[White "Barkman, Daniel"]
[Black "Gibson, Kris"]
[Result "0-1"]
[WhiteElo "1578"]
[BlackElo "1860"]
[PlyCount "64"]
[GameId "2160767911703452"]
[EventDate "2000.06.16"]
[EventType "swiss"]
[EventRounds "5"]
[EventCountry "CAN"]
[SourceTitle "EXT 2005"]
[Source "ChessBase"]
[SourceDate "2004.11.15"]
[SourceVersion "1"]
[SourceVersionDate "2004.11.15"]
[SourceQuality "1"]

1. d4 d5 2. c4 e6 3. Nc3 c6 4. Nf3 dxc4 5. e4 b5 6. Be2 Bb7 7. a3 a5 8. O-O Be7 9. Be3 Nf6 10. Nd2 a4 11. f4 Nbd7 12. Rf3 Ng4 13. Nf1 Ndf6 14. Rg3 h5 15. h3 Nxe3 16. Nxe3 Qc7 17. e5 Nd5 18. Nexd5 exd5 19. Rxg7 c5 20. Bxh5 Rf8 21. Qg4 Qb6 22. dxc5 Qxc5+ 23. Kh2 d4 24. Rd1 d3 25. e6 O-O-O 26. Rxf7 Bc6 27. f5 Bd6+ 28. Kh1 Qe5 29. Kg1 Qh2+ 30. Kf1 Bg3 31. Qxg3 Qxg3 32. e7 Bxg2+ 0-1

[Event "Winnipeg op"]
[Site "Winnipeg CAN"]
[Date "2000.06.16"]
[Round "1"]
[White "Mundwiler, Les"]
[Black "Proulx, Roy"]
[Result "1-0"]
[WhiteElo "2039"]
[BlackElo "1686"]
[PlyCount "43"]
[GameId "2160767911703453"]
[EventDate "2000.06.16"]
[EventType "swiss"]
[EventRounds "5"]
[EventCountry "CAN"]
[SourceTitle "EXT 2005"]
[Source "ChessBase"]
[SourceDate "2004.11.15"]
[SourceVersion "1"]
[SourceVersionDate "2004.11.15"]
[SourceQuality "1"]

1. Nf3 d5 2. g3 c5 3. Bg2 Nc6 4. O-O Nf6 5. d3 e5 6. Nbd2 Bd6 7. e4 d4 8. a4 Be6 9. b3 O-O 10. h3 Ne8 11. Nc4 Qd7 12. Kh2 Bc7 13. Ba3 b6 14. Qe2 Nd6 15. Ncxe5 Nxe5 16. Nxe5 Qc8 17. Nf3 Rb8 18. b4 c4 19. Nxd4 f5 20. Nc6 cxd3 21. cxd3 fxe4 22. Ne7+ 1-0

[Event "Winnipeg op"]
[Site "Winnipeg CAN"]
[Date "2000.06.16"]
[Round "1"]
[White "Sekhar, Ganesan"]
[Black "Gannon, Keith"]
[Result "1-0"]
[WhiteElo "1913"]
[BlackElo "1642"]
[PlyCount "123"]
[GameId "2160767911703454"]
[EventDate "2000.06.16"]
[EventType "swiss"]
[EventRounds "5"]
[EventCountry "CAN"]
[SourceTitle "EXT 2005"]
[Source "ChessBase"]
[SourceDate "2004.11.15"]
[SourceVersion "1"]
[SourceVersionDate "2004.11.15"]
[SourceQuality "1"]

1. d4 d5 2. c4 e6 3. a3 dxc4 4. e3 Nf6 5. Bxc4 Be7 6. Nc3 O-O 7. Nge2 c6 8. O-O b5 9. Bd3 a5 10. Ng3 Nbd7 11. Qe2 Bb7 12. f4 b4 13. Nce4 Nxe4 14. Nxe4 bxa3 15. bxa3 c5 16. Bb2 cxd4 17. Bxd4 Nf6 18. Ng5 h6 19. Nf3 Ne4 20. Rfb1 Bd5 21. Qb2 Rb8 22. Qc2 Rxb1+ 23. Rxb1 Qa8 24. Qb2 Bf6 25. Ne5 Nd6 26. Nd7 Bxd4 27. Qxd4 Rd8 28. Nb6 Qb7 29. Nxd5 Qxd5 30. Qxd5 exd5 31. Kf2 Rc8 32. a4 g6 33. Rb3 Kg7 34. Ke2 Kf6 35. Rb6 Ke7 36. Ra6 Rc5 37. g4 Ne4 38. f5 gxf5 39. gxf5 Nc3+ 40. Kf3 Nxa4 41. Rxh6 Nb2 42. Bb1 Nc4 43. Kf4 a4 44. Ra6 Ra5 45. f6+ Kd8 46. Rxa5 Nxa5 47. Ke5 Nc4+ 48. Kd4 a3 49. h4 Ke8 50. Ba2 Kf8 51. e4 Nd6 52. Kxd5 Nb5 53. Kc4 Nd6+ 54. Kd3 Kg8 55. h5 Ne8 56. e5 Nc7 57. Ke4 Na6 58. h6 Nb4 59. Bxf7+ Kxf7 60. h7 a2 61. h8=Q a1=Q 62. Qg7+ 1-0

[Event "Winnipeg op"]
[Site "Winnipeg CAN"]
[Date "2000.06.16"]
[Round "1"]
[White "Strub, Michael"]
[Black "Khedkar, Jay S"]
[Result "0-1"]
[WhiteElo "1686"]
[BlackElo "1969"]
[PlyCount "58"]
[GameId "2160767911703455"]
[EventDate "2000.06.16"]
[EventType "swiss"]
[EventRounds "5"]
[EventCountry "CAN"]
[SourceTitle "EXT 2005"]
[Source "ChessBase"]
[SourceDate "2004.11.15"]
[SourceVersion "1"]
[SourceVersionDate "2004.11.15"]
[SourceQuality "1"]

1. d4 d5 2. c4 e6 3. Nc3 Nf6 4. Bg5 Nbd7 5. Nf3 c6 6. e3 Qa5 7. a3 Ne4 8. Qc2 Bb4 9. Rc1 Bxc3+ 10. bxc3 Nxg5 11. Nxg5 Qxa3 12. Bd3 Qe7 13. f4 Nf6 14. c5 b6 15. Qa4 b5 16. Qc2 a5 17. Ke2 g6 18. Rhg1 O-O 19. g4 e5 20. fxe5 Nxg4 21. h4 f6 22. exf6 Qxe3+ 23. Kf1 Rxf6+ 24. Kg2 Rf2+ 25. Qxf2 Qxf2+ 26. Kh3 Nh2+ 27. Ne6 Bxe6+ 28. Bf5 Bxf5+ 29. Rg4 Bxg4# 0-1

[Event "Winnipeg op"]
[Site "Winnipeg CAN"]
[Date "2000.06.17"]
[Round "2"]
[White "Gibson, Kris"]
[Black "Sekhar, Ganesan"]
[Result "0-1"]
[WhiteElo "1860"]
[BlackElo "1913"]
[PlyCount "94"]
[GameId "2160767911703456"]
[EventDate "2000.06.16"]
[EventType "swiss"]
[EventRounds "5"]
[EventCountry "CAN"]
[SourceTitle "EXT 2005"]
[Source "ChessBase"]
[SourceDate "2004.11.15"]
[SourceVersion "1"]
[SourceVersionDate "2004.11.15"]
[SourceQuality "1"]

1. e4 e5 2. d4 exd4 3. Nf3 Nc6 4. Bc4 d6 5. O-O Ne5 6. Nxe5 dxe5 7. Bxf7+ Kxf7 8. Qh5+ g6 9. Qxe5 Bg7 10. Qg3 Nf6 11. e5 Ng4 12. f4 Re8 13. Nd2 Ne3 14. Ne4 Nxf1 15. Ng5+ Ke7 16. Qb3 Rf8 17. Qb4+ Ke8 18. Qb5+ c6 19. Qxf1 Bf5 20. Bd2 h6 21. Nf3 Qd5 22. Bb4 c5 23. Qb5+ Bd7 24. Qxc5 Qxc5 25. Bxc5 Rxf4 26. Bxd4 Bc6 27. Be3 Bxf3 28. Bxf4 Be4 29. c4 g5 30. Bg3 Rd8 31. b4 Rd2 32. Bf2 a6 33. a4 Bc2 34. a5 Bxe5 35. Re1 Rd1 36. Rxd1 Bxd1 37. b5 Be2 38. bxa6 bxa6 39. h3 Bxc4 40. Be3 Bg3 41. Bd2 Kd7 42. Bc3 Kc6 43. Bg7 h5 44. Bf6 g4 45. hxg4 hxg4 46. Bc3 Kb5 47. Bd2 Bc7 0-1

[Event "Winnipeg op"]
[Site "Winnipeg CAN"]
[Date "2000.06.17"]
[Round "2"]
[White "Khedkar, Jay S"]
[Black "Mundwiler, Les"]
[Result "1-0"]
[WhiteElo "1969"]
[BlackElo "2039"]
[PlyCount "73"]
[GameId "2160767911703457"]
[EventDate "2000.06.16"]
[EventType "swiss"]
[EventRounds "5"]
[EventCountry "CAN"]
[SourceTitle "EXT 2005"]
[Source "ChessBase"]
[SourceDate "2004.11.15"]
[SourceVersion "1"]
[SourceVersionDate "2004.11.15"]
[SourceQuality "1"]

1. e4 e5 2. f4 exf4 3. Nf3 Be7 4. Bc4 Bh4+ 5. Kf1 d5 6. Bxd5 c6 7. Bb3 Bf6 8. e5 Bg5 9. Nc3 Bf5 10. d4 Bh6 11. h4 Na6 12. Ne2 Nc5 13. Bxf4 Ne4 14. Qe1 Qb6 15. Ng3 Qa6+ 16. Kg1 Nxg3 17. Qxg3 g6 18. Kh2 Bg7 19. Rhe1 h6 20. Rad1 Ne7 21. c4 b5 22. cxb5 Qxb5 23. d5 cxd5 24. Nd4 Qa5 25. e6 Bxd4 26. exf7+ Kxf7 27. Rxd4 Be6 28. Bd6 Nf5 29. Qf2 h5 30. Rxe6 Kxe6 31. Rxd5 Qxd5 32. Bxd5+ Kxd5 33. Qc5+ Ke6 34. Qe5+ Kd7 35. Bb4 Rag8 36. Qd5+ Ke8 37. Qe6+ 1-0

[Event "Winnipeg op"]
[Site "Winnipeg CAN"]
[Date "2000.06.17"]
[Round "2"]
[White "Lafreniere, Adrian"]
[Black "Xia, Yanchong"]
[Result "1/2-1/2"]
[WhiteElo "1748"]
[BlackElo "1787"]
[PlyCount "72"]
[GameId "2160767911703458"]
[EventDate "2000.06.16"]
[EventType "swiss"]
[EventRounds "5"]
[EventCountry "CAN"]
[SourceTitle "EXT 2005"]
[Source "ChessBase"]
[SourceDate "2004.11.15"]
[SourceVersion "1"]
[SourceVersionDate "2004.11.15"]
[SourceQuality "1"]

1. e4 c5 2. f4 d5 3. exd5 Nf6 4. Bb5+ Bd7 5. Bxd7+ Qxd7 6. c4 b5 7. d3 g6 8. Nf3 Bg7 9. Nc3 bxc4 10. dxc4 O-O 11. O-O e6 12. Ne5 Qc8 13. Be3 exd5 14. Nxd5 Nxd5 15. Qxd5 Na6 16. a3 Qc7 17. Rad1 Rfd8 18. Qe4 Re8 19. Bc1 Qe7 20. Rfe1 Nc7 21. Qc6 Rad8 22. Rxd8 Rxd8 23. Qf3 Rd6 24. b3 Bxe5 25. Rxe5 Re6 26. Bb2 Rxe5 27. Bxe5 f6 28. Bxc7 Qxc7 29. Qd5+ Kg7 30. g3 Qa5 31. b4 Qxa3 32. bxc5 Qc1+ 33. Kg2 Qe3 34. c6 Qe2+ 35. Kh3 Kh6 36. c7 f5 1/2-1/2

[Event "Winnipeg op"]
[Site "Winnipeg CAN"]
[Date "2000.06.17"]
[Round "3"]
[White "Lafreniere, Adrian"]
[Black "Gibson, Kris"]
[Result "0-1"]
[WhiteElo "1748"]
[BlackElo "1860"]
[PlyCount "60"]
[GameId "2160767911703459"]
[EventDate "2000.06.16"]
[EventType "swiss"]
[EventRounds "5"]
[EventCountry "CAN"]
[SourceTitle "EXT 2005"]
[Source "ChessBase"]
[SourceDate "2004.11.15"]
[SourceVersion "1"]
[SourceVersionDate "2004.11.15"]
[SourceQuality "1"]

1. e4 e5 2. Nf3 Nf6 3. Bc4 Nc6 4. d3 Bc5 5. Nc3 h6 6. O-O d6 7. Nd5 Nxd5 8. exd5 Na5 9. Nd2 Qh4 10. Qf3 Bg4 11. Qg3 Qxg3 12. hxg3 f5 13. a3 Nxc4 14. Nxc4 a5 15. Be3 b5 16. Nd2 Ba7 17. Rae1 O-O 18. Bxa7 Rxa7 19. f4 Re8 20. Nf3 e4 21. Nd4 Rb7 22. Re3 b4 23. a4 Rb6 24. Rfe1 c5 25. Nc6 Rxc6 26. dxc6 d5 27. dxe4 d4 28. Rf3 fxe4 29. Rff1 e3 30. b3 Rc8 0-1

[Event "Winnipeg op"]
[Site "Winnipeg CAN"]
[Date "2000.06.17"]
[Round "3"]
[White "Sekhar, Ganesan"]
[Black "Khedkar, Jay S"]
[Result "1/2-1/2"]
[WhiteElo "1913"]
[BlackElo "1969"]
[PlyCount "80"]
[GameId "2160767911703460"]
[EventDate "2000.06.16"]
[EventType "swiss"]
[EventRounds "5"]
[EventCountry "CAN"]
[SourceTitle "EXT 2005"]
[Source "ChessBase"]
[SourceDate "2004.11.15"]
[SourceVersion "1"]
[SourceVersionDate "2004.11.15"]
[SourceQuality "1"]

1. e4 c5 2. Nf3 Nc6 3. d4 cxd4 4. Nxd4 Nf6 5. Nc3 d6 6. Be2 e6 7. O-O Qc7 8. Be3 Be7 9. Ndb5 Qb8 10. a4 O-O 11. f4 a6 12. Na3 Rd8 13. Bb6 Rd7 14. a5 Bd8 15. Bxd8 Rxd8 16. Nc4 Qc7 17. Qe1 Rb8 18. Qf2 Nxe4 19. Nxe4 d5 20. Ng5 dxc4 21. Bxc4 Nd4 22. Bd3 h6 23. Ne4 b6 24. Ra4 Qd7 25. Rb4 b5 26. Rd1 Nf5 27. g4 Qe7 28. Nc5 Nd6 29. Rd4 Bb7 30. b4 e5 31. fxe5 Qxe5 32. Nxb7 Nxb7 33. Rf4 Nd6 34. Re1 Qd5 35. Rd4 Qb7 36. Re5 Re8 37. Qe3 Rxe5 38. Qxe5 Ne8 39. Be4 Qa7 40. Kg2 Nf6 1/2-1/2

[Event "Winnipeg op"]
[Site "Winnipeg CAN"]
[Date "2000.06.17"]
[Round "3"]
[White "Vincent, Trevor"]
[Black "Mundwiler, Les"]
[Result "0-1"]
[WhiteElo "786"]
[BlackElo "2039"]
[PlyCount "112"]
[GameId "2160767911703461"]
[EventDate "2000.06.16"]
[EventType "swiss"]
[EventRounds "5"]
[EventCountry "CAN"]
[SourceTitle "EXT 2005"]
[Source "ChessBase"]
[SourceDate "2004.11.15"]
[SourceVersion "1"]
[SourceVersionDate "2004.11.15"]
[SourceQuality "1"]

1. c4 c5 2. Nc3 Nf6 3. g3 Nc6 4. Bg2 d6 5. d3 Bd7 6. Nf3 Rb8 7. O-O e6 8. d4 cxd4 9. Nxd4 a6 10. Nxc6 Bxc6 11. Bxc6+ bxc6 12. Qa4 Qc8 13. Rb1 Be7 14. Bg5 h5 15. Bxf6 gxf6 16. Rfd1 h4 17. b4 hxg3 18. fxg3 Kf8 19. Qc2 d5 20. c5 Qc7 21. Qd2 Kg7 22. Qf4 Qxf4 23. gxf4 Rh4 24. e3 Rh3 25. Re1 f5 26. Nd1 Kf6 27. Nf2 Rg8+ 28. Kh1 Rh7 29. Rg1 Rgh8 30. Rg2 Bd8 31. a4 Ke7 32. Nd3 Bc7 33. b5 cxb5 34. axb5 axb5 35. Rxb5 Rb8 36. Rxb8 Bxb8 37. Rc2 Rh3 38. Nb4 Bc7 39. Na6 Kd7 40. Nxc7 Kxc7 41. Re2 Kc6 42. Kg2 Rh8 43. Rc2 f6 44. Kg3 e5 45. fxe5 fxe5 46. h3 Ra8 47. h4 Ra3 48. Kf2 Ra4 49. Kg3 Rg4+ 50. Kh3 Re4 51. Rc3 Rc4 52. Rxc4 dxc4 53. h5 c3 54. h6 c2 55. h7 c1=Q 56. h8=Q Qh1+ 0-1

[Event "Winnipeg op"]
[Site "Winnipeg CAN"]
[Date "2000.06.18"]
[Round "4"]
[White "Khedkar, Jay S"]
[Black "Gibson, Kris"]
[Result "1-0"]
[WhiteElo "1969"]
[BlackElo "1860"]
[PlyCount "67"]
[GameId "2160767911703462"]
[EventDate "2000.06.16"]
[EventType "swiss"]
[EventRounds "5"]
[EventCountry "CAN"]
[SourceTitle "EXT 2005"]
[Source "ChessBase"]
[SourceDate "2004.11.15"]
[SourceVersion "1"]
[SourceVersionDate "2004.11.15"]
[SourceQuality "1"]

1. e4 c5 2. Nf3 e6 3. Nc3 a6 4. d4 cxd4 5. Nxd4 Nc6 6. Be3 Qc7 7. Be2 Bb4 8. O-O Bxc3 9. bxc3 Nf6 10. f3 Ne5 11. Bf4 Nh5 12. Bd2 Nc4 13. f4 Nf6 14. Bd3 Nb2 15. Qe2 Nxd3 16. cxd3 b5 17. a4 bxa4 18. c4 Bb7 19. e5 Ng8 20. f5 Ne7 21. f6 gxf6 22. exf6 Rg8 23. Rf2 Ng6 24. Nf5 Qb6 25. Be3 Qc6 26. Ng7+ Kd8 27. Rb1 a3 28. Rb6 Qc7 29. Qa2 Qe5 30. Bd2 Bc6 31. Qxa3 a5 32. Bc3 Qe3 33. d4 a4 34. Ba5 1-0

[Event "Winnipeg op"]
[Site "Winnipeg CAN"]
[Date "2000.06.18"]
[Round "4"]
[White "Mundwiler, Les"]
[Black "Sekhar, Ganesan"]
[Result "1-0"]
[WhiteElo "2039"]
[BlackElo "1913"]
[PlyCount "71"]
[GameId "2160767911703463"]
[EventDate "2000.06.16"]
[EventType "swiss"]
[EventRounds "5"]
[EventCountry "CAN"]
[SourceTitle "EXT 2005"]
[Source "ChessBase"]
[SourceDate "2004.11.15"]
[SourceVersion "1"]
[SourceVersionDate "2004.11.15"]
[SourceQuality "1"]

1. d4 Nf6 2. c4 g6 3. Nc3 c5 4. d5 d6 5. Nf3 Bg7 6. h3 O-O 7. e4 Na6 8. Be2 Nc7 9. Qc2 a6 10. a4 b6 11. O-O Rb8 12. Bf4 e5 13. Bg5 h6 14. Be3 Bd7 15. Nh2 Kh7 16. f4 exf4 17. Bxf4 Nce8 18. e5 dxe5 19. Bxe5 Rb7 20. Rae1 Ng8 21. Bd3 f5 22. Bxg7 Nxg7 23. Nf3 Re8 24. Ne5 Qf6 25. Nf3 Nh5 26. Qf2 Ne7 27. Ne5 Rf8 28. Qf3 Bc8 29. Bb1 Kg7 30. Qd3 f4 31. d6 Bf5 32. Qf3 Ra7 33. dxe7 Rxe7 34. Nd5 Bxb1 35. Nxf6 Rxf6 36. Ng4 1-0

[Event "Winnipeg op"]
[Site "Winnipeg CAN"]
[Date "2000.06.18"]
[Round "4"]
[White "Strub, Michael"]
[Black "Lafreniere, Adrian"]
[Result "1/2-1/2"]
[WhiteElo "1686"]
[BlackElo "1748"]
[PlyCount "78"]
[GameId "2160767911703465"]
[EventDate "2000.06.16"]
[EventType "swiss"]
[EventRounds "5"]
[EventCountry "CAN"]
[SourceTitle "EXT 2005"]
[Source "ChessBase"]
[SourceDate "2004.11.15"]
[SourceVersion "1"]
[SourceVersionDate "2004.11.15"]
[SourceQuality "1"]

1. d4 d5 2. c4 Nc6 3. cxd5 Qxd5 4. Nf3 e5 5. Nc3 Bb4 6. e3 Bg4 7. Be2 exd4 8. exd4 Nf6 9. O-O Bxc3 10. bxc3 O-O 11. c4 Qd7 12. Bb2 Bf5 13. d5 Ne7 14. Bxf6 gxf6 15. Qd4 Kg7 16. Nh4 Bg6 17. Bg4 Qd6 18. Rad1 Qe5 19. Rfe1 Qxd4 20. Rxd4 Ng8 21. Nxg6 fxg6 22. Be6 Rfe8 23. Rde4 Rad8 24. Bxg8 Rxe4 25. Rxe4 Kxg8 26. Re7 c6 27. Rxb7 cxd5 28. cxd5 Rxd5 29. Kf1 Ra5 30. Rb2 Kf7 31. Ke2 Ke6 32. Ke3 h6 33. Kd4 Kd6 34. Kc4 Kc6 35. Kd4 Ra4+ 36. Kd3 Kc5 37. Rc2+ Kd5 38. Ke3 Re4+ 39. Kf3 Ra4 1/2-1/2

[Event "Winnipeg op"]
[Site "Winnipeg CAN"]
[Date "2000.06.18"]
[Round "4"]
[White "Xia, Yanchong"]
[Black "Vincent, Trevor"]
[Result "1-0"]
[WhiteElo "1787"]
[BlackElo "786"]
[PlyCount "76"]
[GameId "2160767911703466"]
[EventDate "2000.06.16"]
[EventType "swiss"]
[EventRounds "5"]
[EventCountry "CAN"]
[SourceTitle "EXT 2005"]
[Source "ChessBase"]
[SourceDate "2004.11.15"]
[SourceVersion "1"]
[SourceVersionDate "2004.11.15"]
[SourceQuality "1"]

1. e4 g6 2. d4 Bg7 3. c4 d6 4. Nc3 c6 5. Be3 Nf6 6. f3 Nbd7 7. Qd2 O-O 8. O-O-O Qc7 9. Kb1 a5 10. Bd3 c5 11. d5 Ne5 12. Nge2 Nxd3 13. Qxd3 Bd7 14. Qd2 Rab8 15. Bh6 b5 16. Bxg7 Kxg7 17. cxb5 Bxb5 18. Nxb5 Rxb5 19. Nc3 Rbb8 20. a4 Nd7 21. Nb5 Qb6 22. Rhe1 Ne5 23. f4 Ng4 24. Qc3+ Kg8 25. e5 Rfd8 26. Re2 Nh6 27. exd6 exd6 28. Rde1 Nf5 29. Qf6 Rf8 30. h4 Nd4 31. Re7 Nxb5 32. axb5 Qxb5 33. h5 Qd3+ 34. Ka1 Qd4 35. Qxd4 cxd4 36. Rd7 Rfd8 37. Ree7 Rxd7 38. Rxd7 d3 1-0

[Event "Winnipeg op"]
[Site "Winnipeg CAN"]
[Date "2000.06.18"]
[Round "5"]
[White "Barkman, Daniel"]
[Black "Khedkar, Jay S"]
[Result "0-1"]
[WhiteElo "1578"]
[BlackElo "1969"]
[PlyCount "68"]
[GameId "2160767911703467"]
[EventDate "2000.06.16"]
[EventType "swiss"]
[EventRounds "5"]
[EventCountry "CAN"]
[SourceTitle "EXT 2005"]
[Source "ChessBase"]
[SourceDate "2004.11.15"]
[SourceVersion "1"]
[SourceVersionDate "2004.11.15"]
[SourceQuality "1"]

1. d4 d5 2. c4 e6 3. Nc3 Nf6 4. e3 Nbd7 5. Nf3 c6 6. Bd3 Be7 7. O-O O-O 8. cxd5 exd5 9. Bd2 Re8 10. Rc1 Nf8 11. Qc2 Bd6 12. a3 a5 13. Na4 Ne4 14. Be1 Bg4 15. Ne5 Bh5 16. Bxe4 dxe4 17. Nc5 Bxc5 18. Qxc5 Be2 19. Qc2 Bxf1 20. Kxf1 Qd5 21. Nc4 Nd7 22. b3 h6 23. b4 axb4 24. Bxb4 Re6 25. Rb1 c5 26. Bxc5 Nxc5 27. dxc5 Qxc5 28. Rxb7 Rc6 29. Rb4 Qd5 30. Nb6 Qd3+ 31. Qxd3 exd3 32. Ke1 Rxa3 33. Rb2 Rc1+ 34. Kd2 Rf1 0-1

[Event "Winnipeg op"]
[Site "Winnipeg CAN"]
[Date "2000.06.18"]
[Round "5"]
[White "Gibson, Kris"]
[Black "Mundwiler, Les"]
[Result "1/2-1/2"]
[WhiteElo "1860"]
[BlackElo "2039"]
[PlyCount "150"]
[GameId "2160767911703468"]
[EventDate "2000.06.16"]
[EventType "swiss"]
[EventRounds "5"]
[EventCountry "CAN"]
[SourceTitle "EXT 2005"]
[Source "ChessBase"]
[SourceDate "2004.11.15"]
[SourceVersion "1"]
[SourceVersionDate "2004.11.15"]
[SourceQuality "1"]

1. e4 d6 2. f4 g6 3. Bc4 Bg7 4. Nf3 Nh6 5. d4 c5 6. f5 cxd4 7. Bxh6 Bxh6 8. fxg6 hxg6 9. Qxd4 O-O 10. O-O Nc6 11. Qf2 Qb6 12. Qxb6 axb6 13. Nc3 Nb4 14. Bb3 Be6 15. Nd5 Nxd5 16. exd5 Bd7 17. Rfe1 Rfe8 18. Rad1 Bg7 19. c3 Bf6 20. Re4 Kg7 21. g4 Kg8 22. g5 Bg7 23. a3 Ra5 24. Rde1 Kf8 25. R1e2 Raa8 26. h4 f5 27. gxf6 exf6 28. Rxe8+ Rxe8 29. Rxe8+ Kxe8 30. Bc2 Kf7 31. Kf2 Bh6 32. a4 Bc1 33. b3 Bb2 34. c4 Bc1 35. Nd4 f5 36. Kf3 Kf6 37. b4 Ba3 38. b5 Ke5 39. Nc6+ bxc6 40. dxc6 Bc8 41. a5 bxa5 42. b6 Bc5 43. b7 Bxb7 44. cxb7 Ba7 45. Ba4 Kd4 46. Be8 Kc5 47. Bxg6 Kc6 48. Bxf5 Kxb7 49. Ke4 Bc5 50. Kd5 Kc7 51. Ke6 a4 52. Kd5 a3 53. Bb1 Be3 54. h5 Bc1 55. Ba2 Bd2 56. Kd4 Kc6 57. Kd3 Bc1 58. Kc2 Bb2 59. h6 Kc5 60. h7 Kb4 61. Kd3 Bh8 62. Ke4 Kc5 63. Kf5 Bc3 64. Ke6 Bb2 65. Kf7 Bc3 66. Ke7 Kc6 67. Ke6 Bb2 68. Bb1 Kc5 69. Kd7 Be5 70. Ba2 Bh8 71. Kc7 Bb2 72. Kb7 Bd4 73. Ka6 Kb4 74. Kb7 Kc5 75. Kc7 Bb2 1/2-1/2